Catálogo
 En Linea

Great Masters of Folk Art of Iberoamerica. / (Registro nro. 40214)

Detalles MARC
000 -CABECERA
campo de control de longitud fija 00593nam a2200181 a 4500
001 - NÚMERO DE CONTROL
campo de control 000040724
005 - FECHA Y HORA DE LA ÚLTIMA TRANSACCIÓN
campo de control 20201002034331.0
008 - DATOS DE LONGITUD FIJA--INFORMACIÓN GENERAL
campo de control de longitud fija 130905s2011 mx ao 000 0 spa d
020 ## - NÚMERO INTERNACIONAL ESTÁNDAR DEL LIBRO
Número Internacional Estándar del Libro 9786077612551
040 ## - FUENTE DE LA CATALOGACIÓN
Centro catalogador/agencia de origen DO-SdBNP
Lengua de catalogación eng
Centro/agencia transcriptor BNPHU
082 ## - NÚMERO DE LA CLASIFICACIÓN DECIMAL DEWEY
Número de clasificación xxx
Número de documento/Ítem xxx
100 1# - ENTRADA PRINCIPAL--NOMBRE DE PERSONA
Nombre de persona Fernández de Calderón, Cándida
9 (RLIN) 67122
245 10 - MENCIÓN DE TÍTULO
Título Great Masters of Folk Art of Iberoamerica. /
Mención de responsabilidad, etc. Cándida Fernández de Calderón.
260 ## - PUBLICACIÓN, DISTRIBUCIÓN, ETC.
Lugar de publicación, distribución, etc. México :
Nombre del editor, distribuidor, etc. Fomento cultural Banamex,
Fecha de publicación, distribución, etc. 2011.
300 ## - DESCRIPCIÓN FÍSICA
Extensión v :
Otras características físicas il., fot. ;
Dimensiones 32 cm.
500 ## - NOTA GENERAL
Nota general the library has volume 1
500 ## - NOTA GENERAL
Nota general Includes directory of artisans
Existencias
Estado de retiro Estado de pérdida Restricciones de uso No para préstamo Código de colección Localización permanente Ubicación/localización actual Ubicación en estantería Fecha de adquisición Número de inventario Total de préstamos Signatura topográfica completa Código de barras Fecha visto por última vez Precio válido a partir de Tipo de ítem Koha
      Excluido de préstamo Monografías: Libros y Folletos General General En catalogación 05.09.2013 LF1   xxx xxx 40724-10 25.06.2020 25.06.2020 No se presta

Con tecnología Koha